000 00307nam a22001217a 4500
040 _cSY
082 _a330
100 _aNA
245 _aទស្សនាវដ្ដី សេដ្ឋកិច្ច និង ហិរញ្ញវត្ថុ
260 _aRUA
_bNA
_c2000
300 _a149p.
942 _cKB
999 _c9913
_d9913